| 000 | 00655cam a2200217 4500 | ||
|---|---|---|---|
| 001 | ABS67773 | ||
| 008 | 040419n2004 000 0 eng u | ||
| 035 | _a(Sirsi) u125859 | ||
| 100 | _aGilmour, H. | ||
| 245 | 2 | _aA tricky path to tread? | |
| 260 | _c2004 | ||
| 490 |
_aFarmers' Weekly _v140(14) 2 April 2004, 74(1) |
||
| 520 | _aQuestion and answer article on making good rights of way over fields after cultivation according to the Rights of Way Act 1990. | ||
| 590 | _aABS | ||
| 590 | _aABS | ||
| 650 | _aRIGHTS OF WAY | ||
| 650 | _aRIGHTS OF WAY ACT 1990 | ||
| 650 | _aFARMERS | ||
| 690 | _aRURAL-AGRICULTURE AND FORESTRY | ||
| 942 | _n0 | ||
| 999 |
_c117210 _d117210 |
||